00287nam a2200097Ia 4500008004100000041000800041082001500049100001100064245005900075260005500134220803s9999 xx 000 0 und d aeng a720.47 JAI aJain S aNational Programme On Earthquake Engineering Education b"Indian Institutes Of Technology, New Delhi"c2003